Historia de las creencias y las ideas religiosas : de Gautama Buda al triunfo del cristianismo /
Obra en tres volúmenes en que se revisa el surgimiento de las diversas creencias religiosas a partir del estudio de las manifestaciones de lo sagrado según un orden cronológico; en la medida de lo posible, insiste en las crisis profundas de cada una de ellas, sobre todo en los momentos creadores de...
Guardado en:
| Hovedforfatter: | |
|---|---|
| Format: | Bog |
| Sprog: | spansk |
| Udgivet: |
Barcelona, España :
Paidós,
2002, c1988
|
| Serier: | (Paidós Orientalia ;
64) |
| Fag: | |
| Tags: |
Ingen Tags, Vær først til at tagge denne postø!
|
MARC
| LEADER | 00000nam^a2200000^a^4500 | ||
|---|---|---|---|
| 001 | 000153053 | ||
| 005 | 20250521000000.0 | ||
| 009 | 20260310100305.646 | ||
| 020 | |a 84-493-0686-8 | ||
| 020 | |a 84-493-0684-1 | ||
| 037 | |a Acervo ITESO - Biblioteca | ||
| 041 | |a ESP | ||
| 082 | |a 200. 9 |b ELI V. 2 | ||
| 100 | |a Eliade, Mircea |e (autor) | ||
| 240 | 1 | 1 | |a [Historia de las creencias y las ideas religiosas] |
| 245 | 1 | 0 | |a Historia de las creencias y las ideas religiosas : |b de Gautama Buda al triunfo del cristianismo / |c M. Eliade ; tr. por Jesús Valiente Malla. |
| 264 | 4 | |a Barcelona, España : |b Paidós, |c 2002, c1988 | |
| 300 | |a 678 p. | ||
| 336 | |a texto |b txt |2 rdacontenido | ||
| 337 | |a sin mediación |b n |2 rdamedio | ||
| 338 | |a volumen |b nc |2 rdasoporte | ||
| 440 | 1 | |a (Paidós Orientalia ; |v 64) | |
| 500 | |a Traducción de: Histoire des croyances et des idées religeuses: De Gautama Bouddha au trionphe du christianisme | ||
| 520 | |a Obra en tres volúmenes en que se revisa el surgimiento de las diversas creencias religiosas a partir del estudio de las manifestaciones de lo sagrado según un orden cronológico; en la medida de lo posible, insiste en las crisis profundas de cada una de ellas, sobre todo en los momentos creadores de las diversas tradiciones. En el primer volumen se estudian las primeras manifestaciones mágico-religiosas del hombre prehistórico hasta la difusión del culto a Dionisos, pasando por las religiones de Mesopotamia, el antiguo Egipto, Israel, de los indoeuropeos, de India antes de Buda, la griega y la iraní. El segundo tomo aborda principalmente las religiones de la antigua China, el budismo y el nacimiento del cristianismo, aunque también habla del brahmanismo, el hinduismo, la religión romana, los celtas y los tracios, Orfeo y Pitágoras, la síntesis hinduista, el judaísmo, el sincretismo y la época helénica, el paganismo. En el tercero, traza la historia de las iglesias cristianas, desde San Agustín hasta la Ilustración; asimismo, estudia a Mahoma y la aparición del Islam, así como las místicas judía, cristiana y musulmana; para terminar revisa también las herejías, las prácticas populares, el esoterismo y las religiones euroasiáticas y tibetanas. | ||
| 649 | |a XX | ||
| 650 | |a Simbolismo | ||
| 650 | |a Lo Sagrado | ||
| 650 | |a Ritos | ||
| 650 | |a Creencias | ||
| 650 | |a Mitología China | ||
| 650 | |a Mitología Hindú | ||
| 650 | |a Mitología Latina | ||
| 650 | |a Mitología Clásica | ||
| 650 | |a Mitología Celta | ||
| 650 | |a Mitología Germánica | ||
| 650 | |a Mitología Griega | ||
| 650 | |a Judaísmo | ||
| 650 | |a Cristianismo | ||
| 650 | |a Paganismo | ||
| 650 | |a Taoísmo | ||
| 650 | |a Confucianismo | ||
| 650 | |a Brahmanismo | ||
| 650 | |a Hinduismo | ||
| 650 | |a Budismo | ||
| 650 | |a Religión - |z China - |x Historia | ||
| 650 | |a Religión - |z India - |x Historia | ||
| 650 | |a Religión - |z Roma - |x Historia | ||
| 650 | |a Religión - |z Grecia - |x Historia | ||
| 650 | |a Religión - |z Israel - |x Historia | ||
| 650 | |a Religión - |z Irán - |x Historia | ||
| 650 | |a Teología | ||
| 650 | |a Religión - |x Historia | ||
| 910 | |a Fondo General | ||
| 920 | |a Impresos - Libros | ||
| 930 | |a Colección General | ||
| 905 | |a 101 | ||
| 901 | |a 0500081686 |b IT1 |c ACC |u 20250521 | ||
| 902 | |a https://opac.biblio.iteso.mx/vufind/Record/000153053 | ||